000 00906nji a22002657a 4500
005 2010091706076.0
006 a|||||r|||||00| 0
007 sd ammalaaahaa
008 100830t xxu||||| |||| 00| 0 eng d
028 _aPEASD.12751
_bEMI
035 _aGR-03258
040 _aSED
_cSED
100 _917455
_aNazia Hassan
245 _aDisco deewane /
_cby Nazia Hassan; music by Biddu
_h[sound recording] :
246 _aडिस्को दीवाने /
260 _aDum Dum, India
_bEMI
_c1981
300 _a1 sound disc [Gramophone Recording]:
_banalog, 33 1/3 rpm
_c12.5 in. (LP)
_fGramophone Record
500 _aBrief Record
500 _aRecord labels : EMI, Red
600 _aNazia Hassan
_920359
650 _aHindi Songs
_zIndia
_91186
_xExcerpts
700 _aBiddu
_920534
942 _2ddc
_cGR
999 _c46550
_d46550